Нормален изглед
MARC изглед
- Анастасов, Димитър Иванов
Вход 01. Лично име
001 - Контролен номер на записа
- Контролно поле: 445227
003 - Код на организацията, даваща контролен номер
- Контролно поле: BLK
005 - Дата и час на последна промяна на записа
- Контролно поле: 20210329143157.0
008 - Данни с фиксирана дължина – обща информация
- Данни с фиксирана дължина : 210329|| aca||aabn | a|a d
100 ## - ИМЕ НА ЛИЦЕ -ПЪРВИЧНА ИНТЕЛЕКТУАЛНА ОТГОВОРНОСТ
- Лично име: Анастасов, Димитър Иванов
942 ## - Системна служебна употреба
- Koha auth type: PERSO_NAME